000 00867cab a2200229 4500
001 ABS40012
008 090401t1988 xxu||||| |||| 00| 0 eng d
035 _a(Sirsi) u20666
041 _aeng
110 _aRoyal Institution of Chartered Surveyors
_bInsurance Services
_9643
245 _aGive a system a go - it could save woe
260 _c1988
350 _a0
490 _aChartered Surveyor Weekly
_v25(4) 27 October 1988, 70(1)
520 _aStresses the need for estate agents to prepare accurate sales particulars and adequate field notes when selling property or land. Advises on the use of a systematic checklist, aide memoire, or prompt sheet to minimise the chance of claims.
650 _aMORTGAGE VALUATIONS
650 _aNEGLIGENCE
650 _aSTRUCTURAL SURVEYS
690 _aPRACTICE AND TECHNIQUES
942 _n0
948 _c04/03/1997
999 _c13843
_d13843